00633nam a2200205 a 4500001001300000003000900013005001700022008004100039020002600080082001800106100002400124245007300148260004900221300001000270500003500280505004000315650002500355650002300380700002400403nice12345678IN_TiNIC20260116013733.0050524s1996 alba grp 000 0 eng  a0791437 c1137.700a297.0953bABU aAbu-Rabi, Ibrahim M aIntellectual Origins of Islamic Resurgence in the Modern Arab World. aAlbany bState University of New York c1996 a370p. aincludes index and biblioraphy2 aGlossary, Appendix and Bibliography aIslam-Arab Countries aIslam-20th Century1 aAbu-Rabi, Ibrahim M